Statistics for Oldest Cities in British Columbia

Click here to take the quiz!

General Stats

  • This quiz has been taken 242 times
  • The average score is 7 of 20

Answer Stats

Incorporation DateCity% Correct
April 6, 1886Vancouver
95%
August 2, 1862Victoria
87%
May 4, 1905Kelowna
62%
November 10, 1879Surrey
62%
December 24, 1874Nanaimo
60%
November 10, 1879Richmond
54%
September 22, 1892Burnaby
50%
Jul 26, 1860New Westminster
48%
July 25, 1891Coquitlam
41%
August 10, 1891North Vancouver
35%
April 26, 1873Chilliwack
33%
December 30, 1892Vernon
28%
March 18, 1897Nelson
27%
March 1, 1899Revelstoke
16%
June 14, 1901Trail
13%
July 28, 1904Fernie
12%
April 15, 1897Grand Forks
10%
March 1, 1905Enderby
6%
March 18, 1897Rossland
6%
July 12, 1897Greenwood
4%

Score Distribution

Percentile by Number Answered

Percent of People with Each Score

Your Score History

You have not taken this quiz